<?xml version="1.0" encoding="UTF-8"?>
<collection xmlns="http://www.loc.gov/MARC21/slim">
 <record>
  <leader>06905cam a2200985   4500</leader>
  <controlfield tag="001">741087200</controlfield>
  <controlfield tag="003">DE-627</controlfield>
  <controlfield tag="005">20220714112229.0</controlfield>
  <controlfield tag="007">tu</controlfield>
  <controlfield tag="008">130409s2013    xxu||||| c    00| ||eng c</controlfield>
  <datafield tag="010" ind1=" " ind2=" ">
   <subfield code="a">  2013012140</subfield>
  </datafield>
  <datafield tag="016" ind1="7" ind2=" ">
   <subfield code="a">21233946X</subfield>
   <subfield code="2">DE-101</subfield>
  </datafield>
  <datafield tag="020" ind1=" " ind2=" ">
   <subfield code="a">9780300196467</subfield>
   <subfield code="c">paper over board</subfield>
   <subfield code="9">978-0-300-19646-7</subfield>
  </datafield>
  <datafield tag="035" ind1=" " ind2=" ">
   <subfield code="a">(DE-627)741087200</subfield>
  </datafield>
  <datafield tag="035" ind1=" " ind2=" ">
   <subfield code="a">(DE-576)393671283</subfield>
  </datafield>
  <datafield tag="035" ind1=" " ind2=" ">
   <subfield code="a">(DE-599)GBV741087200</subfield>
  </datafield>
  <datafield tag="035" ind1=" " ind2=" ">
   <subfield code="a">(OCoLC)859554425</subfield>
  </datafield>
  <datafield tag="035" ind1=" " ind2=" ">
   <subfield code="a">(OCoLC)859554425</subfield>
  </datafield>
  <datafield tag="040" ind1=" " ind2=" ">
   <subfield code="a">DE-627</subfield>
   <subfield code="b">ger</subfield>
   <subfield code="c">DE-627</subfield>
   <subfield code="e">rakwb</subfield>
  </datafield>
  <datafield tag="041" ind1=" " ind2=" ">
   <subfield code="a">eng</subfield>
  </datafield>
  <datafield tag="044" ind1=" " ind2=" ">
   <subfield code="c">XD-US</subfield>
   <subfield code="c">XA-GB</subfield>
  </datafield>
  <datafield tag="050" ind1=" " ind2="0">
   <subfield code="a">ND237.W45</subfield>
  </datafield>
  <datafield tag="082" ind1="0" ind2=" ">
   <subfield code="a">759.13</subfield>
   <subfield code="q">LOC</subfield>
   <subfield code="2">23</subfield>
  </datafield>
  <datafield tag="084" ind1=" " ind2=" ">
   <subfield code="a">9,10</subfield>
   <subfield code="2">ssgn</subfield>
  </datafield>
  <datafield tag="084" ind1=" " ind2=" ">
   <subfield code="a">20.31</subfield>
   <subfield code="2">bkl</subfield>
  </datafield>
  <datafield tag="084" ind1=" " ind2=" ">
   <subfield code="a">21.02</subfield>
   <subfield code="2">bkl</subfield>
  </datafield>
  <datafield tag="245" ind1="1" ind2="0">
   <subfield code="a">American adversaries</subfield>
   <subfield code="b">West and Copley in a transatlantic world ; [... to coincide with the Exhibition American Adversaries: West and Copley in a Transatlantic World ... Museum of Fine Arts, Houston, from October 6, 2013, to January 5, 2014]</subfield>
   <subfield code="c">[Emily Ballew Neff with Kaylin H. Weber. With contributions by Janet Catherine Berlo ... organized by Museum of Fine Arts, Houston]</subfield>
  </datafield>
  <datafield tag="263" ind1=" " ind2=" ">
   <subfield code="a">Erscheint: 01. August 2013</subfield>
  </datafield>
  <datafield tag="264" ind1=" " ind2="1">
   <subfield code="a">New Haven, Conn. [u.a.]</subfield>
   <subfield code="b">Yale Univ. Press</subfield>
   <subfield code="c">2013</subfield>
  </datafield>
  <datafield tag="264" ind1=" " ind2="1">
   <subfield code="a">New Haven, Conn. [u.a.]</subfield>
   <subfield code="b">Yale University Press</subfield>
   <subfield code="c">2013</subfield>
  </datafield>
  <datafield tag="300" ind1=" " ind2=" ">
   <subfield code="a">XII, 258 S.</subfield>
   <subfield code="b">zahlr. Ill.</subfield>
   <subfield code="c">33 cm</subfield>
  </datafield>
  <datafield tag="336" ind1=" " ind2=" ">
   <subfield code="a">Text</subfield>
   <subfield code="b">txt</subfield>
   <subfield code="2">rdacontent</subfield>
  </datafield>
  <datafield tag="336" ind1=" " ind2=" ">
   <subfield code="a">unbewegtes Bild</subfield>
   <subfield code="b">sti</subfield>
   <subfield code="2">rdacontent</subfield>
  </datafield>
  <datafield tag="337" ind1=" " ind2=" ">
   <subfield code="a">ohne Hilfsmittel zu benutzen</subfield>
   <subfield code="b">n</subfield>
   <subfield code="2">rdamedia</subfield>
  </datafield>
  <datafield tag="338" ind1=" " ind2=" ">
   <subfield code="a">Band</subfield>
   <subfield code="b">nc</subfield>
   <subfield code="2">rdacarrier</subfield>
  </datafield>
  <datafield tag="500" ind1=" " ind2=" ">
   <subfield code="a">Includes bibliographical references and index</subfield>
  </datafield>
  <datafield tag="500" ind1=" " ind2=" ">
   <subfield code="a">&quot;This catalogue was published to coincide with the exhibition American Adversaries: West and Copley in a Transatlantic World, organized by the Museum of Fine Arts, Houston, from October 6, 2013, to January 5, 2014&quot;--Title page verso</subfield>
  </datafield>
  <datafield tag="505" ind1="8" ind2="0">
   <subfield code="t">London: the artists and their arena. Brothers-in-arms? Copley, West, and the Royal Academy</subfield>
   <subfield code="r">by Martin PostleA temple of history painting : West's Newman Street studio and art collection / by Kaylin H. Weber</subfield>
  </datafield>
  <datafield tag="505" ind1="8" ind2="0">
   <subfield code="t">London: the artists and their arena. Brothers-in-arms? Copley, West, and the Royal Academy</subfield>
   <subfield code="r">By Martin Postle</subfield>
  </datafield>
  <datafield tag="505" ind1="8" ind2="0">
   <subfield code="t">Reverberated enjoyment : prints, printmakers, and publishers in late-eighteenth century London</subfield>
   <subfield code="r">by James Clifton</subfield>
  </datafield>
  <datafield tag="505" ind1="8" ind2="0">
   <subfield code="t">North America : West and the middle ground. At the wood's edge : Benjamin West's &quot;The Death of Wolfe&quot; and the middle ground</subfield>
   <subfield code="r">by Emily Ballew Neff</subfield>
  </datafield>
  <datafield tag="505" ind1="8" ind2="0">
   <subfield code="t">Men of the middle ground : the visual culture of native-white diplomacy in eighteenth-century North America</subfield>
   <subfield code="r">by Janet Catherine Berlo</subfield>
  </datafield>
  <datafield tag="505" ind1="8" ind2="0">
   <subfield code="t">Italy : Copley on the grand tour. A remembrance of what we have seen : Copley takes the grand tour</subfield>
   <subfield code="r">by Emily Ballew Neff</subfield>
  </datafield>
  <datafield tag="505" ind1="8" ind2="0">
   <subfield code="t">Benjamin West and Italy</subfield>
   <subfield code="r">by Christopher Lloyd</subfield>
  </datafield>
  <datafield tag="505" ind1="8" ind2="0">
   <subfield code="t">Atlantic and Pacific : Copley and the sea. Like gudgeons to a worm : John Singleton Copley's &quot;Watson and the shark&quot; and the cultures of natural history</subfield>
   <subfield code="r">by Emily Ballew Neff</subfield>
  </datafield>
  <datafield tag="505" ind1="8" ind2="0">
   <subfield code="t">Blacks in the casta paintings of New Spain</subfield>
   <subfield code="r">by Donna Pierce</subfield>
  </datafield>
  <datafield tag="505" ind1="8" ind2="0">
   <subfield code="t">Coda. Laying siege : West, Copley, and the battle of history painting</subfield>
   <subfield code="r">by Emily Ballew Neff and Kaylin H. Weber</subfield>
  </datafield>
  <datafield tag="505" ind1="8" ind2="0">
   <subfield code="t">Turner, West, and the end of contemporary history painting</subfield>
   <subfield code="r">by Leo Costello.</subfield>
  </datafield>
  <datafield tag="505" ind1="8" ind2="0">
   <subfield code="t">A temple of history painting: West's Newman Street studio and art collection</subfield>
   <subfield code="r">By Kaylin H. Weber</subfield>
  </datafield>
  <datafield tag="505" ind1="8" ind2="0">
   <subfield code="t">Reverberated enjoyment: prints, printmakers, and publishers in late-eighteenth century London</subfield>
   <subfield code="r">By James Clifton</subfield>
  </datafield>
  <datafield tag="505" ind1="8" ind2="0">
   <subfield code="t">North America: West and the middle ground. At the wood's edge: Benjamin West's The Death of Wolfe and the middle ground</subfield>
   <subfield code="r">By Emily Ballew Neff</subfield>
  </datafield>
  <datafield tag="505" ind1="8" ind2="0">
   <subfield code="t">Men of the middle ground: the visual culture of native-white diplomacy in eighteenth-century North America</subfield>
   <subfield code="r">By Janet Catherine Berlo</subfield>
  </datafield>
  <datafield tag="505" ind1="8" ind2="0">
   <subfield code="t">Italy: Copley on the grand tour. A remembrance of what we have seen: Copley takes the grand tour</subfield>
   <subfield code="r">By Emily Ballew Neff</subfield>
  </datafield>
  <datafield tag="505" ind1="8" ind2="0">
   <subfield code="t">Benjamin West and Italy</subfield>
   <subfield code="r">By Christopher Lloyd</subfield>
  </datafield>
  <datafield tag="505" ind1="8" ind2="0">
   <subfield code="t">Atlantic and Pacific: Copley and the sea. Like gudgeons to a worm: John Singleton Copley's Watson and the shark and the cultures of natural history</subfield>
   <subfield code="r">By Emily Ballew Neff</subfield>
  </datafield>
  <datafield tag="505" ind1="8" ind2="0">
   <subfield code="t">Blacks in the casta paintings of New Spain</subfield>
   <subfield code="r">By Donna Pierce</subfield>
  </datafield>
  <datafield tag="505" ind1="8" ind2="0">
   <subfield code="t">Coda. Laying siege: West, Copley, and the battle of history painting</subfield>
   <subfield code="r">By Emily Ballew Neff and Kaylin H. Weber</subfield>
  </datafield>
  <datafield tag="505" ind1="8" ind2="0">
   <subfield code="t">Turner, West, and the end of contemporary history painting</subfield>
   <subfield code="r">By Leo Costello.</subfield>
  </datafield>
  <datafield tag="520" ind1=" " ind2=" ">
   <subfield code="a">&quot;Illuminating essays and more than two hundred images offer a compelling account of the 18th-century contemporary history painters John Singleton Copley and Benjamin West--America's first global art superstars&quot;--Provided by publisher</subfield>
  </datafield>
  <datafield tag="600" ind1="1" ind2="0">
   <subfield code="a">West, Benjamin</subfield>
   <subfield code="d">1738-1820</subfield>
   <subfield code="v">Exhibitions</subfield>
  </datafield>
  <datafield tag="600" ind1="1" ind2="0">
   <subfield code="a">Copley, John Singleton</subfield>
   <subfield code="d">1738-1815</subfield>
   <subfield code="v">Exhibitions</subfield>
  </datafield>
  <datafield tag="650" ind1=" " ind2="0">
   <subfield code="a">History, Modern, in art</subfield>
   <subfield code="v">Exhibitions</subfield>
  </datafield>
  <datafield tag="650" ind1=" " ind2="0">
   <subfield code="a">Art and society</subfield>
   <subfield code="z">United States</subfield>
   <subfield code="x">History</subfield>
   <subfield code="y">18th century</subfield>
   <subfield code="v">Exhibitions</subfield>
  </datafield>
  <datafield tag="650" ind1=" " ind2="0">
   <subfield code="a">Art and society</subfield>
   <subfield code="z">Great Britain</subfield>
   <subfield code="x">History</subfield>
   <subfield code="y">18th century</subfield>
   <subfield code="v">Exhibitions</subfield>
  </datafield>
  <datafield tag="655" ind1=" " ind2="7">
   <subfield code="a">Ausstellungskatalog</subfield>
   <subfield code="y">2013</subfield>
   <subfield code="z">Houston, Tex.</subfield>
   <subfield code="0">(DE-588)4135467-9</subfield>
   <subfield code="0">(DE-627)10566491X</subfield>
   <subfield code="0">(DE-576)209660988</subfield>
   <subfield code="2">gnd-content</subfield>
  </datafield>
  <datafield tag="689" ind1="0" ind2="0">
   <subfield code="d">p</subfield>
   <subfield code="0">(DE-588)118806823</subfield>
   <subfield code="0">(DE-627)079581021</subfield>
   <subfield code="0">(DE-576)209511036</subfield>
   <subfield code="a">West, Benjamin</subfield>
   <subfield code="d">1738-1820</subfield>
   <subfield code="2">gnd</subfield>
  </datafield>
  <datafield tag="689" ind1="0" ind2="1">
   <subfield code="d">p</subfield>
   <subfield code="0">(DE-588)118670034</subfield>
   <subfield code="0">(DE-627)186533349</subfield>
   <subfield code="0">(DE-576)209264683</subfield>
   <subfield code="a">Copley, John Singleton</subfield>
   <subfield code="d">1738-1815</subfield>
   <subfield code="2">gnd</subfield>
  </datafield>
  <datafield tag="689" ind1="0" ind2=" ">
   <subfield code="5">(DE-627)</subfield>
  </datafield>
  <datafield tag="700" ind1="1" ind2=" ">
   <subfield code="a">Neff, Emily Ballew</subfield>
   <subfield code="d">1963-</subfield>
   <subfield code="0">(DE-588)132710110</subfield>
   <subfield code="0">(DE-627)525535896</subfield>
   <subfield code="0">(DE-576)283859504</subfield>
   <subfield code="4">oth</subfield>
  </datafield>
  <datafield tag="700" ind1="1" ind2=" ">
   <subfield code="a">Berlo, Janet Catherine</subfield>
   <subfield code="d">1952-</subfield>
   <subfield code="0">(DE-588)135798477</subfield>
   <subfield code="0">(DE-627)606137483</subfield>
   <subfield code="0">(DE-576)16406253X</subfield>
   <subfield code="4">oth</subfield>
  </datafield>
  <datafield tag="700" ind1="1" ind2=" ">
   <subfield code="a">Weber, Kaylin H.</subfield>
   <subfield code="4">oth</subfield>
  </datafield>
  <datafield tag="710" ind1="2" ind2=" ">
   <subfield code="a">Museum of Fine Arts, Houston</subfield>
   <subfield code="0">(DE-588)50293-5</subfield>
   <subfield code="0">(DE-627)101101740</subfield>
   <subfield code="0">(DE-576)190404469</subfield>
   <subfield code="4">oth</subfield>
  </datafield>
  <datafield tag="711" ind1="2" ind2=" ">
   <subfield code="a">Exhibition American Adversaries: West and Copley in a Transatlantic World</subfield>
   <subfield code="d">2013-2014</subfield>
   <subfield code="c">Houston, Tex.</subfield>
   <subfield code="0">(DE-588)1047617811</subfield>
   <subfield code="0">(DE-627)778685500</subfield>
   <subfield code="0">(DE-576)401421813</subfield>
   <subfield code="4">oth</subfield>
  </datafield>
  <datafield tag="787" ind1="0" ind2="8">
   <subfield code="i">Rezensiert in</subfield>
   <subfield code="a">Kuhn, Léa</subfield>
   <subfield code="t">[Rezension von: Emily Ballew Neff / Kaylin H. Weber (eds.), American adversaries. West and copley in a transatlantic world]</subfield>
   <subfield code="d">2014</subfield>
   <subfield code="w">(DE-627)1797134825</subfield>
  </datafield>
  <datafield tag="856" ind1="4" ind2="2">
   <subfield code="u">https://swbplus.bsz-bw.de/bsz393671283inh.htm</subfield>
   <subfield code="m">B:DE-576;DE-16</subfield>
   <subfield code="q">application/pdf</subfield>
   <subfield code="v">20131001121223</subfield>
   <subfield code="x">Verlag</subfield>
   <subfield code="3">Inhaltsverzeichnis</subfield>
  </datafield>
  <datafield tag="856" ind1="4" ind2="2">
   <subfield code="u">https://swbplus.bsz-bw.de/bsz393671283rez.htm</subfield>
   <subfield code="m">B:DE-576;DE-16</subfield>
   <subfield code="q">application/pdf</subfield>
   <subfield code="v">20141020105220</subfield>
   <subfield code="x">Verlag</subfield>
   <subfield code="3">Rezension</subfield>
  </datafield>
  <datafield tag="856" ind1="4" ind2="2">
   <subfield code="u">http://www.sehepunkte.de/2014/10/24775.html</subfield>
   <subfield code="m">V:DE-576;X:Sehepunkte</subfield>
   <subfield code="q">text/html</subfield>
   <subfield code="v">20180417093901</subfield>
   <subfield code="3">Rezension</subfield>
  </datafield>
  <datafield tag="935" ind1=" " ind2=" ">
   <subfield code="i">Blocktest</subfield>
  </datafield>
  <datafield tag="936" ind1="b" ind2="k">
   <subfield code="a">20.31</subfield>
   <subfield code="j">Bildende Künstler</subfield>
   <subfield code="0">(DE-627)181571080</subfield>
  </datafield>
  <datafield tag="936" ind1="b" ind2="k">
   <subfield code="a">21.02</subfield>
   <subfield code="j">Geschichte der Malerei</subfield>
   <subfield code="0">(DE-627)106406698</subfield>
  </datafield>
  <datafield tag="951" ind1=" " ind2=" ">
   <subfield code="a">BO</subfield>
  </datafield>
  <datafield tag="990" ind1=" " ind2=" ">
   <subfield code="a">West, Benjamin</subfield>
  </datafield>
  <datafield tag="990" ind1=" " ind2=" ">
   <subfield code="a">Copley, John Singleton</subfield>
  </datafield>
  <datafield tag="991" ind1=" " ind2=" ">
   <subfield code="a">Rezensiertes Werk</subfield>
  </datafield>
  <datafield tag="999" ind1=" " ind2=" ">
   <subfield code="a">KXP-PPN741087200</subfield>
   <subfield code="e">4183709849</subfield>
  </datafield>
 </record>
</collection>
